| 000 | 00841nam a2200253Ia 4500 | ||
|---|---|---|---|
| 003 | OSt | ||
| 005 | 20220926020315.0 | ||
| 006 | a|||||r|||| 00| 0 | ||
| 007 | ta | ||
| 008 | 220923b |||||||| |||| 00| 0 eng d | ||
| 020 |
_a9780415666763 _c6634.7200000000003 |
||
| 037 |
_b11154, 18/07/2013, Elite Publisher Distributors _cGeneral Book |
||
| 040 |
_aRTL _cRTL _beng |
||
| 041 |
_2eng _aeng |
||
| 082 | _aX6xM83:g, Q3 | ||
| 100 |
_aRIVOT Sylvie _9324119 |
||
| 245 | 0 |
_aKeynes and Friedman on Laissez-Faire and planning _b Where to draw the line? |
|
| 260 |
_aNew York _bRoutledge _c2013 |
||
| 300 |
_a190p. _ccm. |
||
| 500 | _aBibliography: Chpterwise | ||
| 650 | _aEconomics | ||
| 942 |
_hX6xM83:g, Q3 _cGB _2CC |
||
| 999 |
_c633947 _d633947 |
||